000 00606nam a22001577a 4500
003 NUST
082 _a670
100 _a ASLAM ,MUHAMMAD NAVEED
_9122397
245 _aStatistical Analysis of Burr Formation in Low-Speed Micro-Milling of Monel-400 (Nickel-Based Alloy) /
_cMUHAMMAD NAVEED ASLAM
264 _aIslamabad:
_bSMME- NUST.
_c2021.
300 _a49p. ;
_bSoft Copy,
_c30cm.
650 _aMS Design and Manufacturing Engineering
_9119567
700 _aSupervisor : DR. SYED HUSAIN IMRAN JAFFERY
_9122341
856 _uhttp://10.250.8.41:8080/xmlui/handle/123456789/26214
942 _2ddc
_cTHE
999 _c608890
_d608890